000 01077nas a2200361 4500
001 BR0804157
003 BR-BrBNA
005 20231205112332.0
007 ta
008 230509b bl.|||p| |||| 00| 00por d
040 _aBR-BrBNA
_bpor
_cBiblioteca Nacional de Agricultura
041 _a(Pt)
072 _aL02; L54
100 1 _aKeifer, C.
100 1 _aFerreira, A.S.
100 1 _aDonzele, J.L.
100 1 _aOliveira, R.F.M. de
100 1 _aSilva, F.C. de O.
100 1 _aCarrijo, A.S.
245 1 _aNíveis de treonina digestível em dietas para fêmeas suínas lactantes de médio potencial genético
650 _aSUÍNO
650 _aFÊMEA
650 _aLACTAÇÃO
650 _aDIETA
650 _aPROTEÍNA
650 _aAMINOÁCIDO
650 _aPRODUÇÃO LEITEIRA
650 _aEXIGÊNCIA NUTRICIONAL
650 _aCOMPOSIÇÃO DE ALIMENTO
773 0 _tRevista Brasileira de Zootecnia (Brazil)
_xISSN 1516-3598
_g(Nov-Dec 2007), v. 36(6) p. 1775-1782
_wBR0804157
909 _a202311
_bLúcia
_c55
_dLúcia Elande
942 _2AGRIS
_n0
_cANA
999 _c197499
_d197499